BIBLIOTHÈQUE DE LA MAISON DU MEXIQUE

Logo 1 Logo 2

Región oriental (notice nᵒ 6251)

détails MARC
000 -Sello discográfico
campo de control de longitud fija 01175nam a2200337 4500
005 - Identificación de versión
campo de control 20251016084620.0
010 ## - Número Estándar Internacional de Libros (ISBN)
Número (ISBN) 968-29-6273-0
099 ## - fechas locales
Tipo de ítem Koha LIBRO
100 ## - Datos de procesamiento general
Datos de procesamiento general 20221124d1995 m y1spay5003 ba
105 ## - Campo de datos codificados: Material textual, monográfico
Datos codificados de monografía a 001zy
200 1# - Título y mención de responsabilidad
Título propio Región oriental
Designación general del material texto impreso
Otra información del título Huastecos, Nahuas, Pames, Totonacas
Primer mención de responsabilidad Agustín Avila, Brigitte Barthas, Alma Cervantes, ... [et al.]
210 ## - Publicación, distribución, etc.
Lugar de publicación, distribución, etc. México
Nombre del editor, distribuidor, etc. Instituto Nacional Indigenista
-- Secretaría de Desarrollo Social
Fecha de publicación, distribución, etc. 1995
215 ## - Descripción física
Designación de material específico y extensión del ítem 373 p
Otras características físicas il.
Dimensiones 21 cm
345 ## - Nota de información de adquisición
Fuente de adquisición/dirección de la suscripción [OBSOLETO] Donación Alain Musset
410 #1 - Series
Título Etnografía contemporánea de los pueblos indígenas de México
606 ## - Término temático usado como materia
Elemento de entrada Huastecos (Indios)
Número Koha 7988
606 ## - Término temático usado como materia
Elemento de entrada Nahuas (Indios)
Número Koha 419
606 ## - Término temático usado como materia
Elemento de entrada Pames (Indios)
Número Koha 11880
606 ## - Término temático usado como materia
Elemento de entrada Totonacas (Indios)
Número Koha 7989
660 ## - Código de área geográfica
Código MX
700 ## - Nombre personal - Responsabilidad primaria
Elemento de entrada Avila
Parte del nombre distinta del elemento de entrada Agustín
Número Koha 11881
701 ## - Nombre personal - Responsabilidad alternativa
Elemento de entrada Barthas
Parte del nombre distinta del elemento de entrada Brigitte
Número Koha 11882
701 ## - Nombre personal - Responsabilidad alternativa
Elemento de entrada Cervantes
Parte del nombre distinta del elemento de entrada Alma
Número Koha 11883
801 #0 - Fuente de origen
País FR
Agencia cm
Reglas de catalogación (convenciones descriptivas) AFNOR
900 ## -
-- 1/21825
900 ## -
-- 7100417642\080104
942 ## - ELEMENTOS DE ENTRADA SECUNDARIOS (KOHA)
Tipo de ítem Koha Livre
996 ## -
-- MEX
-- 751145101
-- MMAG
-- 007051
-- 572.09 E84OR
-- 20221124LIV
Exemplaires
Estatus retirado Estado de daño Estado de pérdida Fecha de adquisición Biblioteca de origen Biblioteca actual Ubicación en estantería Código de barras Precio de reemplazo Signatura topográfica completa No para préstamo Tipo de ítem Koha Nota pública Nota no pública
      05/08/2025 Casa México Paris Casa México Paris   007051 05/08/2025 572.09 E84OR   Livre 20221124LIV 751145101